00651nam a2200193Ia 4500008004100000020001500041082001500056100001900071245003200090250000700122260004200129300003300171500002700204600002100231650005000252942000700302952013100309999001700440240925s9999 xx 000 0 und d a8184311915 a003.54 CHI aChitode, J. S. 0aInformation Theory & Coding aNA aPune:bTechnical Publicationsc,2002. aVarious pagesbNAfPhotocopy aIncludes Illustrations aComputer Science aComputer science, information & general works cBK 001040708CSaUITUbUITUd2010-02-02eRoyal Book Companyg728.00l0o003.54 CHIpQ8110r2024-09-25 07:14:50w2024-09-25yBK c10609d10609